[Event "URS-ch sf"]
[Site "Togliatti"]
[Date "1985.??.??"]
[Round "?"]
[White "Bareev, Evgeny"]
[Black "Pigusov, Evgeny"]
[Result "0-1"]
[WhiteElo "2310"]
[BlackElo "2455"]

1.d4 Nf6 2.c4 e6 3.Nc3 d5 4.cxd5 exd5 5.Bg5 Be7 6.e3 O-O 7.Bd3 Nbd7 8.Qc2 Re8
9.Nge2 Nf8 10.O-O a6 11.Rad1 h6 12.Bh4 Be6 13.f3 c5 14.dxc5 Bxc5 15.Nd4 N8d7
16.Kh1 Bxd4 17.exd4 Rc8 18.Rc1 Rc6 19.Qb1 Nb6 20.b3 Bd7 21.a4 Be6 22.Ne2 Rxc1
23.Rxc1 Nbd7 24.Qb2 Nb8 25.Qc3 Bd7 26.Qb4 Bc6 27.Re1 Nbd7 28.Nc3 Rxe1+ 29.Bxe1 Nf8
30.Ne2 Nh5 31.Bd2 Ne6 32.Kg1 g5 33.g3 Qf6 34.Kg2 Nhg7 35.g4 Nf8 36.Be1 Ng6
37.Bg3 Ne6 38.Bf5 h5 39.h3 hxg4 40.hxg4 Nef4+ 41.Bxf4 Nxf4+  0-1

[Event "Wch U20"]
[Site "Gausdal"]
[Date "1986.??.??"]
[Round "10"]
[White "Bareev, Evgeny"]
[Black "Dimitrov, Vladimir"]
[Result "1-0"]
[WhiteElo "2470"]
[BlackElo "2400"]

1.d4 d5 2.c4 c6 3.Nf3 Nf6 4.Nc3 dxc4 5.a4 Bg4 6.Ne5 Bh5 7.f3 Nfd7 8.Nxc4 e5
9.Ne4 Bb4+ 10.Bd2 Qe7 11.Bxb4 Qxb4+ 12.Qd2 Qxd2+ 13.Kxd2 exd4 14.Ned6+ Ke7
15.Nxb7 Na6 16.Nca5 Nb4 17.Rc1 Nb6 18.Nc5 f6 19.Nd3 Nxd3 20.exd3 Be8 21.Be2 Nxa4
22.Bd1 Nxb2 23.Bb3 Bg6 24.Rhe1+ Kf8 25.Bc2 c5 26.Rb1 Rb8 27.Kc1 Nxd3+ 28.Bxd3 Rxb1+
29.Bxb1 Bxb1 30.Kxb1 Kf7 31.Kc2 Rb8 32.Nb3 Rb7 33.Rc1 Rb5 34.Ra1 a5 35.Rxa5 Rxa5
36.Nxa5 Ke6 37.Kd3 Kd5 38.Nc4 g5 39.g4 h6 40.h3 Kc6 41.Ke4 Kb5 42.Nd6+ Kb4
43.Kd3  1-0

[Event "Wch U20"]
[Site "Gausdal"]
[Date "1986.??.??"]
[Round "12"]
[White "Klinger, Josef"]
[Black "Bareev, Evgeny"]
[Result "1/2-1/2"]
[WhiteElo "2430"]
[BlackElo "2470"]

1.e4 e5 2.Nf3 Nf6 3.d4 Nxe4 4.Bd3 d5 5.Nxe5 Nd7 6.Nxd7 Bxd7 7.O-O Qh4 8.c4 Bd6
9.g3 Qh3 10.c5 Be7 11.Nc3 Nxc3 12.bxc3 O-O 13.Bf4 Bg4 14.f3 Bf5 15.Bxc7 Rfc8
16.Bf4 Bxd3 17.Qxd3 b6 18.Rfe1 Bf8 19.Bd6 Bxd6 20.cxd6 Qd7 21.Re7 Qxd6 22.Rae1 g6
23.Qd2 Rc7 24.Re8+ Rxe8 25.Rxe8+ Kg7 26.Qe3 Qf6 27.g4 h6 28.h4 Rd7 29.g5 hxg5
30.hxg5 Qd6 31.f4 Rd8 32.Re7 Kf8 33.Re5 Qa3 34.f5 Qxa2 35.f6 Qa4 36.Re7 Re8
37.Kf2 Rxe7 38.Qxe7+ Kg8 39.Ke3 Qc6 40.Kd2 Qb5 41.Ke3 Qc6 42.c4 dxc4 43.Qd8+ Kh7
44.Qf8 Qe6+ 45.Kd2 c3+ 46.Kd3 Qf5+ 47.Kxc3 Qa5+ 48.Kd3 Qb5+ 49.Kc3 Qa5+ 50.Kc2 Qf5+  1/2-1/2

[Event "URS-FL"]
[Site "Irkutsk"]
[Date "1986.??.??"]
[Round "?"]
[White "Serper, Grigory"]
[Black "Bareev, Evgeny"]
[Result "1-0"]
[WhiteElo "2200"]
[BlackElo "2470"]

1.e4 e6 2.d4 d5 3.Nd2 c5 4.exd5 exd5 5.Ngf3 Nc6 6.Bb5 Bd6 7.dxc5 Bxc5 8.O-O Ne7
9.Nb3 Bd6 10.Nbd4 O-O 11.c3 Bg4 12.Be2 a6 13.h3 Bh5 14.Be3 Re8 15.Re1 Bg6
16.Bd3 Na5 17.b3 Rc8 18.Rc1 Qd7 19.Nh4 Nac6 20.Nxg6 hxg6 21.Nxc6 Nxc6 22.Be2 Bb8
23.Bg4 Qd6 24.Bxc8 Qh2+ 25.Kf1 Qh1+ 26.Ke2 Qxg2 27.Bg4 d4 28.cxd4 Bf4 29.Rc3  1-0

[Event "URS-FL"]
[Site "Irkutsk"]
[Date "1986.??.??"]
[Round "?"]
[White "Bareev, Evgeny"]
[Black "Razuvaev, Yuri S"]
[Result "0-1"]
[WhiteElo "2470"]
[BlackElo "2535"]

1.d4 Nf6 2.c4 e6 3.Nf3 b6 4.Nc3 Bb4 5.Bg5 Bb7 6.e3 h6 7.Bh4 c5 8.Bd3 cxd4
9.exd4 Be7 10.O-O d6 11.Re1 Nbd7 12.Nd2 O-O 13.Bg3 d5 14.Rc1 dxc4 15.Nxc4 Nd5
16.Nxd5 Bxd5 17.Ne3 Nf6 18.Ba6 Bd6 19.Bh4 g5 20.Bg3 Bxg3 21.fxg3 Rb8 22.Rf1 Kg7
23.Qe2 Qd6 24.Bd3 Rbd8 25.Bb1 Rd7 26.Rcd1 Qe7 27.h4 Qd8 28.hxg5 hxg5 29.Rf2 Rh8
30.Ng4 Nxg4 31.Qxg4 Rh6 32.Rdf1 Bc4 33.Rd1 f5 34.Qf3 Qh8 35.Rfd2 Bd5 36.Qe3 g4
37.Qe5+ Kg6 38.Kf2 Qxe5 39.dxe5 Rh2 40.Rg1 Rc7 41.Ke3 Kg5 42.Rxd5 exd5 43.Kd4 Rh8
44.Rf1 Rf8 45.Kxd5 Rd7+ 46.Kc6 Rd2 47.e6 Kf6 48.Rxf5+ Ke7 49.b4 Rf6 50.Kb7 Kxe6
51.Rg5 Rf7+ 52.Ka6 Rb2 53.Be4 Rxb4 54.Bd5+ Kf6 55.Bxf7 Kxg5 56.Kxa7 Kf6  0-1

[Event "URS-FL"]
[Site "Irkutsk"]
[Date "1986.??.??"]
[Round "?"]
[White "Bareev, Evgeny"]
[Black "Dolmatov, Sergey"]
[Result "1/2-1/2"]
[WhiteElo "2470"]
[BlackElo "2510"]

1.d4 Nf6 2.c4 e6 3.Nc3 Bb4 4.e3 c5 5.Ne2 cxd4 6.exd4 d5 7.c5 Ne4 8.Bd2 Nxd2
9.Qxd2 a5 10.a3 Bxc3 11.Nxc3 a4 12.Bd3 b6 13.cxb6 Qxb6 14.Bc2 Bd7 15.O-O O-O
16.Rfe1 Rc8 17.Rad1 Rc4 18.Bd3 Rc8 19.Re3 Nc6 20.Rg3 Ne7 21.h4 Qd8 22.Re1 Kh8
23.Re5 f5 24.Re1 Rab8 25.h5 h6 26.Ne2 Rb6 27.Nf4 Qf8 28.Qe3 Qf6 29.Ng6+ Nxg6
30.Rxg6 f4 31.Rxf6 fxe3 32.Rf7 exf2+ 33.Rxf2 Kg8 34.Kh2 Rcb8 35.Ree2 Bb5
36.Bxb5 Rxb5 37.Rxe6 Rxb2 38.Rxb2 Rxb2 39.Ra6 Rd2 40.Rxa4 Kf7 41.Kh3 Kf6
42.Rb4 Kg5  1/2-1/2

[Event "URS-ch U20"]
[Site "Tallinn"]
[Date "1986.??.??"]
[Round "?"]
[White "Novikov, Igor A"]
[Black "Bareev, Evgeny"]
[Result "1/2-1/2"]
[WhiteElo "2490"]
[BlackElo "2365"]

1.d4 Nf6 2.c4 c5 3.d5 b5 4.cxb5 a6 5.e3 e6 6.Nc3 exd5 7.Nge2 Bb7 8.Nf4 axb5
9.Bxb5 Bd6 10.Nfxd5 Nxd5 11.Nxd5 O-O 12.O-O Re8 13.f4 Bf8 14.a4 Nc6 15.Ra3 Nd4
16.exd4 Bxd5 17.Qh5 Be4 18.Rh3 Qf6 19.dxc5 Bf5 20.Rg3 Bxc5+ 21.Kh1 g6 22.Qd1 Re7
23.Bd3 Bxd3 24.Rxd3 Qc6 25.b3 Rae8 26.Qf3 Bb4 27.Qxc6 dxc6 28.Bd2 Bxd2 29.Rxd2 Re3
30.Rb2 Rb8 31.Rfb1 h5 32.Kg1 Re4 33.g3 Reb4 34.a5 c5 35.a6 Ra8 36.Rc1 Rxa6
37.Rxc5 Rab6 38.Rc3 h4 39.Kf2 Kg7 40.Kf3 hxg3 41.hxg3 g5 42.fxg5 Kg6 43.Rb1 Kxg5
44.Rd3 f6  1/2-1/2

[Event "URS-ch U20"]
[Site "Tallinn"]
[Date "1986.??.??"]
[Round "?"]
[White "Bareev, Evgeny"]
[Black "Yakovich, Yuri"]
[Result "1-0"]
[WhiteElo "2365"]
[BlackElo "2480"]

1.d4 d5 2.c4 dxc4 3.Nf3 Nf6 4.Nc3 a6 5.e4 b5 6.e5 Nd5 7.a4 Nxc3 8.bxc3 Qd5
9.g3 Be6 10.Bg2 Qb7 11.O-O Bd5 12.e6 Bxe6 13.Ng5 Bd5 14.Bxd5 Qxd5 15.axb5 e6
16.Re1 Nd7 17.Qh5 g6 18.Nxe6  1-0

[Event "URS-ch U20"]
[Site "Tallinn"]
[Date "1986.??.??"]
[Round "?"]
[White "Bareev, Evgeny"]
[Black "Malisauskas, Vidmantas"]
[Result "1-0"]
[WhiteElo "2365"]
[BlackElo "2385"]

1.d4 Nf6 2.c4 g6 3.Nf3 Bg7 4.g3 d5 5.Bg2 c6 6.b3 O-O 7.O-O Ne4 8.Bb2 Bf5
9.Qc1 Qc8 10.Rd1 Na6 11.Ne1 Rd8 12.Nc3 Nxc3 13.Qxc3 Qd7 14.Rac1 Rac8 15.cxd5 cxd5
16.Qa5 Be4 17.Bf1 Rxc1 18.Rxc1 Rc8 19.Rxc8+ Qxc8 20.e3 e6 21.b4 Bf8 22.a3 Qc7
23.Qa4 Qb6 24.f3 Bb1 25.Qb3 g5 26.Nd3 Qc7 27.Qd1 Qc2 28.Qxc2 Bxc2 29.Nc5 Nxc5
30.dxc5 Ba4 31.f4 gxf4 32.gxf4 a6 33.Bd3 Be7 34.f5 Bg5 35.Kf2 exf5 36.Bxf5 Bc6
37.Bd4 Bh4+ 38.Kf3 Be1 39.Ke2 Bh4 40.Bc8 Kf8 41.Be5 f6 42.Bg3 Bxg3 43.hxg3 Kg7
44.Bf5 h5 45.Kf2 Kh6 46.Bc8 Kg5 47.a4 h4 48.gxh4+ Kxh4 49.Ke2 Kg5 50.Kd3 Kg6
51.Kd4 Kf7 52.a5 Ke7  1-0

[Event "URS-ch U20"]
[Site "Tallinn"]
[Date "1986.??.??"]
[Round "?"]
[White "Azmaiparashvili, Zurab"]
[Black "Bareev, Evgeny"]
[Result "1/2-1/2"]
[WhiteElo "2465"]
[BlackElo "2365"]

1.d4 e6 2.Nf3 f5 3.g3 Nf6 4.Bg2 d5 5.O-O Bd6 6.c4 c6 7.b3 Qe7 8.a4 a5 9.Ba3 Bxa3
10.Nxa3 Nbd7 11.Nc2 b6 12.cxd5 cxd5 13.Ne5 O-O 14.b4 axb4 15.Nc6 Qd6 16.N6xb4 Bb7
17.Qd3 Ra5 18.Qa3 Ne4 19.f3 Nd2 20.Rf2 Nc4 21.Qb3 Nd2 22.Qa3 Nc4 23.Qb3 Nd2  1/2-1/2

[Event "URS-FL"]
[Site "Lvov"]
[Date "1987.??.??"]
[Round "?"]
[White "Bareev, Evgeny"]
[Black "Malisauskas, Vidmantas"]
[Result "1/2-1/2"]
[WhiteElo "2555"]
[BlackElo "2325"]

1.d4 Nf6 2.c4 e6 3.Nf3 b6 4.Nc3 Bb7 5.a3 d5 6.cxd5 exd5 7.g3 Be7 8.Qa4+ c6
9.Bg2 O-O 10.O-O Nbd7 11.Bf4 Nh5 12.Rad1 Nxf4 13.gxf4 a5 14.Qc2 b5 15.Kh1 b4
16.axb4 axb4 17.Na4 Ba6 18.b3 Bb5 19.Nc5 Nxc5 20.dxc5 Ra3 21.Rfe1 Qa5 22.e4 Ra2
23.Qb1 Bxc5 24.exd5 Bxf2 25.Re5 c5 26.Bf1 Bxf1 27.Rxf1 Ra8 28.Qd3 Qd8 29.Qb5 R2a3
30.Qc6 Bd4 31.Rh5 R8a6 32.Qb5 g6 33.Rh6 Kg7 34.Rh3 Qxd5 35.Qe8 Ra8 36.Qe7 Bf6
37.Qe3  1/2-1/2

[Event "URS-FL"]
[Site "Lvov"]
[Date "1987.??.??"]
[Round "?"]
[White "Vyzmanavin, Alexey"]
[Black "Bareev, Evgeny"]
[Result "1-0"]
[WhiteElo "2480"]
[BlackElo "2555"]

1.d4 e6 2.c4 d5 3.Nc3 c6 4.Nf3 f5 5.Bf4 Nf6 6.e3 Be7 7.Bd3 O-O 8.O-O Ne4
9.Ne5 Nd7 10.f3 Nxc3 11.bxc3 Nxe5 12.Bxe5 Bd6 13.Bxd6 Qxd6 14.e4 b6 15.Re1 dxe4
16.fxe4 e5 17.exf5 exd4 18.f6 Qxf6 19.Rf1 Qd6 20.Rxf8+ Qxf8 21.cxd4 Qf4 22.Bc2 Bg4
23.Qd3 Bf5  1-0

[Event "Voronez"]
[Site "Voronez"]
[Date "1987.??.??"]
[Round "?"]
[White "Bareev, Evgeny"]
[Black "Palatnik, Semon"]
[Result "1/2-1/2"]
[WhiteElo "2555"]
[BlackElo "2490"]

1.d4 f5 2.g3 Nf6 3.Bg2 d6 4.Nf3 g6 5.O-O Bg7 6.b3 O-O 7.Bb2 Ne4 8.Nbd2 d5
9.c4 c6 10.Rc1 Bh6 11.e3 Be6 12.Qe2 Nd7 13.Rfd1 a6 14.Ne1 Rc8 15.Nd3 Qa5
16.Rc2 b5 17.cxd5 cxd5 18.b4 Qb6 19.Nc5 Ndf6 20.Rdc1 Nxd2 21.Qxd2 Ne4 22.Qd3 Rfd8
23.a4 Bf7 24.a5 Qa7 25.Kh1 Nd6 26.Rg1 Nc4 27.Bf1 Bg7 28.f4 Rxc5 29.bxc5 Nxa5
30.Bc3 Nc4 31.Ra2 Qb7 32.Be2 Qc6 33.Rga1 Ra8 34.Kg1 Be6 35.Kf2 Bc8 36.Qd1 Bb7
37.Qh1 Qd7 38.Qf3 e6 39.g4 Bf6 40.Kg3 fxg4 41.Qf2 h5 42.Bd3  1/2-1/2

[Event "Vrnjacka Banja"]
[Site "Vrnjacka Banja"]
[Date "1987.??.??"]
[Round "2"]
[White "Bareev, Evgeny"]
[Black "Atanasijadis, Antimos"]
[Result "1-0"]
[WhiteElo "2535"]
[BlackElo "2305"]

1.d4 Nf6 2.c4 g6 3.g3 Bg7 4.Bg2 c6 5.Nc3 d5 6.cxd5 cxd5 7.Nf3 O-O 8.Ne5 e6
9.O-O Nfd7 10.f4 f6 11.Nf3 Nc6 12.b3 Re8 13.Be3 b6 14.g4 Ba6 15.Qd2 f5 16.gxf5 gxf5
17.Ne5 Ne7 18.Rf3 Rc8 19.Rg3 Nf6 20.Kh1 Rc7 21.Rg1 Nc8 22.Bf2 Nd6 23.Qe3 Kh8
24.Be1 Rg8 25.Rh3 Bf8 26.Bh4 Nde8 27.Bg5 Qc8 28.Bf1 Ne4 29.Nxe4 dxe4 30.Qg3 Rcg7
31.Bh6 Qc7 32.Bxg7+ Rxg7 33.Qc3 Rxg1+ 34.Kxg1 Qg7+ 35.Qg3 Nf6 36.Qxg7+ Bxg7
37.e3 Bxf1 38.Kxf1 Nd5  1-0

[Event "Vrnjacka Banja"]
[Site "Vrnjacka Banja"]
[Date "1987.??.??"]
[Round "7"]
[White "Maksimovic, Suzana"]
[Black "Bareev, Evgeny"]
[Result "0-1"]
[WhiteElo "2450"]
[BlackElo "2535"]

1.d4 Nf6 2.Nf3 c5 3.d5 b5 4.Bg5 Qb6 5.a4 b4 6.e3 g6 7.d6 Bg7 8.dxe7 Qe6 9.Nbd2 Nc6
10.Bb5 Nxe7 11.Nc4 Ne4 12.Bxe7 Kxe7 13.Qd3 a6 14.Nb6 Bb7 15.Nxa8 Rxa8 16.Bc4 d5
17.Ba2 Bxb2 18.O-O Bxa1 19.Rxa1 Rd8 20.Nd2 Qf6 21.Rf1 Nc3 22.Bb3 Rc8 23.e4 c4
24.Qe3 d4 25.e5 Qf5 26.Qh6 cxb3 27.cxb3 Ne2+ 28.Kh1 Rc2 29.Qh4+ g5 30.Qh6 Qg6
31.Qh3 Rxd2  0-1

[Event "Vrnjacka Banja"]
[Site "Vrnjacka Banja"]
[Date "1987.??.??"]
[Round "10"]
[White "Bareev, Evgeny"]
[Black "Semkov, Semko"]
[Result "1-0"]
[WhiteElo "2535"]
[BlackElo "2440"]

1.d4 d5 2.Nf3 e6 3.c4 dxc4 4.e4 b5 5.a4 c6 6.axb5 cxb5 7.b3 Bb7 8.bxc4 Bxe4
9.Nbd2 Bb7 10.Qb3 Nf6 11.Qxb5+ Qd7 12.Qxd7+ Nfxd7 13.Rb1 Bc6 14.g3 a5 15.Bg2 Bb4
16.O-O O-O 17.Rb3 Rc8 18.Ba3 Ba4 19.Re3 Nc6 20.Ra1 Ra7 21.Ne4 Ne7 22.Nc3 Bxa3
23.Rxa3 Bc6 24.d5 Ba8 25.dxe6 fxe6 26.Rxe6 Nf8 27.Re1 Bxf3 28.Bxf3 Nc6 29.Nb5 Re7
30.Rc1 Nd7 31.Kg2 Kf8 32.Bxc6 Rxc6 33.Rxa5 Ne5 34.c5 Nd3 35.Rc3 Ne1+ 36.Kf1 Rf6
37.c6 Nf3 38.Ra8+ Kf7 39.Rxf3 Rxf3 40.c7  1-0

[Event "Vrnjacka Banja"]
[Site "Vrnjacka Banja"]
[Date "1987.??.??"]
[Round "15"]
[White "Renet, Olivier"]
[Black "Bareev, Evgeny"]
[Result "1/2-1/2"]
[WhiteElo "2455"]
[BlackElo "2535"]

1.d4 Nf6 2.c4 c5 3.d5 b5 4.Nf3 b4 5.g3 d6 6.Bg2 a5 7.O-O e5 8.dxe6 fxe6 9.a3 Ra6
10.axb4 axb4 11.Rxa6 Nxa6 12.Ng5 Nc7 13.Bc6+ Bd7 14.Qa4 Be7 15.Rd1 Bxc6 16.Qxc6+ Qd7  1/2-1/2

[Event "GMA-Open"]
[Site "Belgrade"]
[Date "1988.??.??"]
[Round "?"]
[White "Bareev, Evgeny"]
[Black "Wilder, Michael"]
[Result "1/2-1/2"]
[WhiteElo "2550"]
[BlackElo "2505"]

1.d4 Nf6 2.c4 e6 3.Nc3 Bb4 4.e3 b6 5.Ne2 Ba6 6.Ng3 O-O 7.e4 c5 8.d5 d6 9.Be2 exd5
10.exd5 Bxc3+ 11.bxc3 Re8 12.O-O Nbd7 13.Qa4 Bb7 14.Qc2 Nf8 15.Bd2 Ng6 16.Rae1 a6
17.a4 h6 18.h3 Bc8 19.f4 Bd7 20.Bd3 Rxe1 21.Rxe1 Nf8 22.Nf5 Bxf5 23.Bxf5 b5
24.cxb5 axb5 25.axb5 c4 26.Be4  1/2-1/2

[Event "GMA-Open"]
[Site "Belgrade"]
[Date "1988.??.??"]
[Round "?"]
[White "Cabrilo, Goran"]
[Black "Bareev, Evgeny"]
[Result "0-1"]
[WhiteElo "2510"]
[BlackElo "2560"]

1.e4 e6 2.d4 d5 3.Nc3 Nf6 4.e5 Nfd7 5.f4 c5 6.Nf3 Nc6 7.Be3 cxd4 8.Nxd4 Bc5
9.Qd2 O-O 10.O-O-O a6 11.Nb3 Bb4 12.Bd3 b5 13.Rhf1 Nb6 14.Qf2 Nc4 15.Bxc4 bxc4
16.Nd4 Ne7 17.g4 f6 18.exf6 Rxf6 19.Nde2 Rb8 20.Ne4 Rf8 21.c3 Ba5 22.Qg3 Bb6
23.a3 Qc7 24.Ng5 h6 25.Nh3 Bd7 26.Nd4 Bc5 27.Rf2 Qa5 28.Rdd2 Rb6 29.Kd1 Rb7
30.Ke2 Nc8 31.f5 exf5 32.gxf5 Bxd4 33.Bxd4 Bxf5 34.Kf1 Qc7 35.Nf4 Qd6 36.Nh5 Qxg3
37.hxg3 Nd6 38.Bc5 Bd3+ 39.Kg1 Rxf2 40.Rxf2 Ne4 41.Rf8+ Kh7 42.Bd4 g5 43.g4 Rxb2
44.Rf7+ Kg8 45.Ra7 Be2 46.Ra8+ Kf7 47.Ra7+ Kf8 48.Ra8+ Ke7 49.Ra7+ Kd8 50.Ra8+ Kd7
51.Ra7+ Kc8 52.Ra8+ Kb7 53.Ra7+ Kb8 54.Rxa6 Bf3  0-1

[Event "Naestved op"]
[Site "Naestved"]
[Date "1988.??.??"]
[Round "?"]
[White "Bareev, Evgeny"]
[Black "Schneider, Bernd"]
[Result "1-0"]
[WhiteElo "2560"]
[BlackElo "2365"]

1.d4 g6 2.e4 Bg7 3.c3 c6 4.Nd2 d5 5.Bd3 Nh6 6.h4 Nd7 7.Ne2 Nf6 8.Ng3 dxe4
9.Ndxe4 Nxe4 10.Nxe4 Nf5 11.h5 Nd6 12.Nc5 b6 13.Ne4 Be6 14.h6 Bf6 15.Nxf6+ exf6
16.Qf3 Bd5 17.Qe3+ Qe7 18.f3 Qxe3+ 19.Bxe3 Kd7 20.b3 Rhe8 21.Kd2 Be6 22.c4 Bf5
23.Be2 Re7 24.Rhe1 Rae8 25.Bf1 g5 26.g4 Bg6 27.a4 f5 28.c5 f4 29.Bf2 Rxe1
30.Rxe1 Rxe1 31.Kxe1 Ne8 32.d5 Nc7 33.cxb6 axb6 34.dxc6+ Kxc6 35.Kd2 Ne6
36.b4 Nf8 37.Bd3 Bxd3 38.Kxd3 b5 39.a5 Kd5 40.a6 Ne6 41.Bb6  1-0

[Event "Naestved op"]
[Site "Naestved"]
[Date "1988.??.??"]
[Round "?"]
[White "Bareev, Evgeny"]
[Black "Ahlander, Bjorn"]
[Result "1-0"]
[WhiteElo "2560"]
[BlackElo "2395"]

1.d4 Nf6 2.c4 e6 3.Nc3 d5 4.cxd5 exd5 5.Bg5 c6 6.Qc2 Be7 7.e3 O-O 8.Bd3 Nbd7
9.Nge2 Re8 10.O-O Nf8 11.f3 Nh5 12.Bxe7 Qxe7 13.e4 dxe4 14.fxe4 Be6 15.Rf2 Nf6
16.h3 Rad8 17.Raf1 Ng6 18.a3 Rf8 19.b4 a6 20.Na4 Nd7 21.e5 Qh4 22.Nf4 Nxf4
23.Rxf4 Qh6 24.Qf2 Nxe5 25.Bxh7+ Qxh7 26.dxe5 Qg6 27.Nc5 Bxh3 28.Rf3 Bc8
29.Rg3 Qh6 30.Ne4 g6 31.Nf6+ Kg7 32.e6 Bxe6 33.Qb2 Kh8 34.Ng4+ Qg7 35.Rh3+ Kg8
36.Nh6+  1-0

[Event "Naestved op"]
[Site "Naestved"]
[Date "1988.??.??"]
[Round "1"]
[White "Ginsburg, Mark"]
[Black "Bareev, Evgeny"]
[Result "0-1"]
[WhiteElo "2370"]
[BlackElo "2560"]

1.c4 f5 2.d4 Nf6 3.g3 g6 4.Bg2 Bg7 5.Nf3 O-O 6.O-O d6 7.Nc3 Qe8 8.Nd5 Nxd5
9.cxd5 Qb5 10.e4 fxe4 11.Ng5 c6 12.Nxe4 Qb6 13.Qe2 Qa6 14.Qxa6 Nxa6 15.dxc6 bxc6
16.d5 c5 17.a3 Rb8 18.Ra2 c4 19.Bg5 Bf5 20.Rc1 Rfc8 21.Nd2 Bd3 22.b4 c3 23.Nf1 Rb7
24.Bh3 Rcc7 25.Be6+ Kh8 26.h4 Nb8 27.Ne3 a5 28.bxa5 Na6 29.Ng4 Rb2 30.Raa1 Nc5
31.Nh6 Nxe6 32.dxe6 Bd4 33.Nf7+ Kg7 34.Be3 Bxe3 35.fxe3 h6  0-1

[Event "Naestved op"]
[Site "Naestved"]
[Date "1988.??.??"]
[Round "6"]
[White "Larsen, Bent"]
[Black "Bareev, Evgeny"]
[Result "1-0"]
[WhiteElo "2560"]
[BlackElo "2560"]

1.c4 Nf6 2.Nc3 c5 3.g3 e6 4.Nf3 d5 5.cxd5 Nxd5 6.Bg2 Nc6 7.O-O Be7 8.Nxd5 exd5
9.d4 O-O 10.dxc5 Bxc5 11.Bg5 f6 12.Bd2 Bf5 13.Qb3 Bb6 14.Rad1 Be4 15.Bc3 Qe7
16.e3 Rad8 17.Bd4 Nxd4 18.Nxd4 Bxg2 19.Kxg2 Qe4+ 20.Kg1 h5 21.Ne2 Qc4 22.Nf4 Qxb3
23.axb3 d4 24.Ne6 dxe3 25.Rxd8 exf2+ 26.Rxf2 Bxd8 27.Nxf8 Kxf8 28.Kg2 Be7
29.Rc2 Bd6 30.Rc8+ Kf7 31.Ra8 Bc5 32.b4 Bd4 33.b3 g5 34.Rd8 Bb6 35.Rd7+ Kg6
36.h3 g4 37.h4 Be3 38.Re7 Bb6 39.Rxb7 f5 40.Rd7 Be3 41.Re7 Bd4 42.Re6+ Kg7
43.b5 Bb6 44.b4 Bd4 45.Kf1 Bb6 46.Ke2 Bd4 47.Rd6 Bb6 48.Rd5 Kf6 49.Rc5 Ke6
50.Rc6+  1-0

[Event "Naestved op"]
[Site "Naestved"]
[Date "1988.??.??"]
[Round "9"]
[White "Riemersma, Liafbern"]
[Black "Bareev, Evgeny"]
[Result "0-1"]
[WhiteElo "2380"]
[BlackElo "2560"]

1.e4 e6 2.d4 d5 3.Nc3 Bb4 4.e5 Ne7 5.a3 Bxc3+ 6.bxc3 c5 7.Qg4 O-O 8.Bd3 Nbc6
9.Nf3 f5 10.exf6 Rxf6 11.Bg5 Rf7 12.Bxe7 Rxe7 13.Qh4 h6 14.O-O c4 15.Bg6 Qd6
16.Rfe1 Bd7 17.Ne5 Rf8 18.Qg4 Be8 19.Bxe8 Rexe8 20.Nxc6 Qxc6 21.Re5 Rf6 22.Rae1 Qa4
23.R1e2 Qxa3 24.g3 Qc1+ 25.Kg2 Qd1 26.f4 Kh7 27.Qf3 a5 28.Qf2 a4 29.Qe1 Qxe1
30.Rxe1 Ra8 31.Ra1 b5 32.Ree1 g5 33.Reb1 gxf4 34.Rxb5 fxg3 35.hxg3 a3 36.Ra2 h5
37.Rb1 Kg6 38.Rba1 Raf8 39.Rxa3 Rf2+ 40.Kh3 Rxc2 41.Ra6 Rff2 42.Rh1 Rfe2  0-1

[Event "Sochi"]
[Site "Sochi"]
[Date "1988.??.??"]
[Round "?"]
[White "Bareev, Evgeny"]
[Black "Polugaevsky, Lev"]
[Result "1/2-1/2"]
[WhiteElo "2550"]
[BlackElo "2590"]

1.d4 Nf6 2.c4 e6 3.g3 Bb4+ 4.Bd2 Be7 5.Bg2 d5 6.Nf3 O-O 7.O-O c6 8.Qb3 b6
9.cxd5 cxd5 10.Rc1 Bb7 11.a4 Nc6 12.a5 Rc8 13.a6 Ba8 14.Na3 Ne4 15.Be1 Nd6
16.Qd3 Qe8 17.e3 Rb8 18.Nc2 Qd7 19.Ne5 Nxe5 20.dxe5 Nc4 21.Bc3 Rfc8 22.b3 Na5
23.Nd4 Nc6 24.Nb5 Nb4 25.Qe2 Bc6 26.Nd4 Qe8 27.e4 dxe4 28.Nxc6 Nxc6 29.Bxe4 Na5
30.Bxa5 bxa5 31.Bb7 Rc5 32.Rxc5 Bxc5 33.Rxa5 Bb6 34.Rb5 Qd8 35.Qe1 Qd4 36.Rb4 Qc5
37.Rc4 Qb5 38.Qc3 Rd8 39.Kg2 g6 40.h4 h5 41.Rf4 Qe2  1/2-1/2

[Event "Vidmar mem"]
[Site "Ljublana Portoroz"]
[Date "1989.??.??"]
[Round "?"]
[White "Bareev, Evgeny"]
[Black "Bischoff, Klaus"]
[Result "1/2-1/2"]
[WhiteElo "2555"]
[BlackElo "2505"]

1.d4 d6 2.e4 g6 3.Nc3 c6 4.f4 d5 5.e5 h5 6.Be3 Nh6 7.Nf3 Bg4 8.h3 Bxf3 9.Qxf3 h4
10.Bd3 e6 11.Ne2 Nf5 12.Bf2 a5 13.O-O Be7 14.a3 Kf8 15.b3 a4 16.c4 axb3 17.Rfb1 Nd7
18.Rxb3 Ra7 19.Rab1 Kg7 20.Kh2 Qa8 21.c5 Rb8 22.Bc2 b6 23.cxb6 Rab7 24.Bxf5 exf5
25.e6 Nxb6 26.exf7 Nc4  1/2-1/2

[Event "Tirnavia"]
[Site "Trnava"]
[Date "1989.??.??"]
[Round "?"]
[White "Bareev, Evgeny"]
[Black "Smejkal, Jan"]
[Result "1/2-1/2"]
[WhiteElo "2555"]
[BlackElo "2515"]

1.d4 Nf6 2.c4 g6 3.Nc3 d5 4.Nf3 Bg7 5.Qb3 dxc4 6.Qxc4 O-O 7.e4 a6 8.Qb3 c5
9.dxc5 Qa5 10.Qb6 Qxb6 11.cxb6 Nbd7 12.h3 Nxb6 13.Be3 Nbd7 14.a4 b6 15.Nd2 Bb7
16.f3 Nh5 17.Bc4 b5 18.Bd5 Bxd5 19.Nxd5 e6 20.Nc3 Ne5 21.O-O Nd3 22.axb5 Nxb2
23.Ne2 axb5 24.Rxa8 Rxa8 25.Rb1 Nc4 26.Nxc4 bxc4 27.Kf2 Nf6 28.Rb7 Ne8 29.Rb6 Rc8
30.Ke1 h5 31.Kd2 Be5 32.Bd4 Bc7 33.Ra6 Nd6 34.Nc3 Nb7 35.Kc2 Bf4 36.Ra4 Nd6
37.Rb4 Ne8 38.Nb5 Rb8 39.Kc3 Bg3 40.Kxc4 Nd6+ 41.Nxd6 Rxb4+  1/2-1/2

[Event "Tirnavia"]
[Site "Trnava"]
[Date "1989.??.??"]
[Round "?"]
[White "Smejkal, Jan"]
[Black "Bareev, Evgeny"]
[Result "1/2-1/2"]
[WhiteElo "2515"]
[BlackElo "2555"]

1.c4 f5 2.Nf3 Nf6 3.g3 d6 4.d4 g6 5.Bg2 Bg7 6.b3 O-O 7.Bb2 Ne4 8.O-O e6 9.Nbd2 Nd7
10.Qc2 Nxd2 11.Nxd2 Qe7 12.f4 e5 13.dxe5 dxe5 14.e4 exf4 15.exf5 Ne5 16.fxg6 Bf5
17.gxh7+ Bxh7 18.Be4 Bxe4 19.Qxe4 Rad8 20.Bxe5 Qxe5 21.Qxe5 Bxe5 22.Rad1 fxg3
23.hxg3  1/2-1/2

[Event "Dortmund op"]
[Site "Dortmund"]
[Date "1990.??.??"]
[Round "2"]
[White "Pinnel, Peter"]
[Black "Bareev, Evgeny"]
[Result "0-1"]
[WhiteElo "2215"]
[BlackElo "2590"]

1.d4 e6 2.Nf3 f5 3.g3 d5 4.Bg2 Bd6 5.O-O Nf6 6.c4 c6 7.e3 O-O 8.b3 b5 9.Nbd2 Nbd7
10.Qc2 a5 11.a4 bxc4 12.bxc4 Qe7 13.Bb2 Ne4 14.Ne5 Nxe5 15.dxe5 Bb4 16.Nxe4 fxe4
17.Rfd1 Bb7 18.Bc3 c5 19.Bf1 Rac8 20.Bb2 Rcd8 21.Bg2 Qf7 22.Ba3 Qc7 23.Bb2 Kh8
24.Bh3 Qf7 25.cxd5 exd5 26.e6 Qe7 27.Qe2 Bc8 28.Qh5 Bxe6 29.Qe5 Rf6 30.Qh5 Rf7
31.Bxe6 Qxe6 32.Rf1 d4 33.exd4 cxd4 34.Rad1 d3 35.Qg5 Rd5  0-1

[Event "Dortmund op"]
[Site "Dortmund"]
[Date "1990.??.??"]
[Round "8"]
[White "Borsos, Bogdan"]
[Black "Bareev, Evgeny"]
[Result "0-1"]
[WhiteElo "2350"]
[BlackElo "2590"]

1.e4 e6 2.d4 d5 3.exd5 exd5 4.Nf3 Nf6 5.c4 Bb4+ 6.Nc3 O-O 7.a3 Re8+ 8.Be3 Bxc3+
9.bxc3 Ng4 10.Qd2 Nc6 11.Bd3 Na5 12.O-O Nb3 13.Qd1 Nxa1 14.Bg5 f6 15.Bf4 g5
16.Bg3 Nh6 17.Qxa1 Bf5 18.Qb1 Bxd3 19.Qxd3 c6 20.c5 Qd7 21.h3 Qf5 22.Qd2 Nf7
23.Ne1 Re6 24.Nc2 Rae8 25.Ne3 Qe4 26.Re1 Qg6 27.c4 dxc4 28.Qc1 f5 29.f4 Re4  0-1

[Event "Marseille"]
[Site "Marseille"]
[Date "1990.??.??"]
[Round "5"]
[White "Bareev, Evgeny"]
[Black "Miralles, Gilles"]
[Result "0-1"]
[WhiteElo "2590"]
[BlackElo "2460"]

1.d4 Nf6 2.c4 g6 3.Nc3 d5 4.Nf3 Bg7 5.Qb3 dxc4 6.Qxc4 O-O 7.e4 Na6 8.Be2 c5
9.d5 e6 10.O-O exd5 11.exd5 Re8 12.Rd1 Bd7 13.d6 h6 14.Qb3 Qb6 15.Be3 Be6
16.Qa3 Nd7 17.Rac1 Qb4 18.Rd2 Rac8 19.Nb5 Qe4 20.h3 Qf5 21.Qa4 Nb6 22.Qd1 Rcd8
23.Nc7 Nxc7 24.dxc7 Rxd2 25.Qxd2 Nd5 26.Rxc5 b6 27.Rc1 Nxe3 28.fxe3 Bc8 29.Nd4 Qg5
30.Bg4 Bf8 31.b4 Bxb4 32.Qd3 Bc5 33.Rc3 f5 34.Bf3 Rxe3 35.Qc4+ Kg7 36.Kf1 Re7
37.Nb3 Bd6 38.Qd3 Bxc7 39.Nd4 Qf6 40.Rc6 Qe5 41.Qc3 Ba6+ 42.Kg1 Qh2+  0-1

[Event "Novi Sad ol (Men)"]
[Site "Novi Sad"]
[Date "1990.??.??"]
[Round "6"]
[White "Bareev, Evgeny"]
[Black "Bischoff, Klaus"]
[Result "1-0"]
[WhiteElo "2590"]
[BlackElo "2530"]

1.d4 Nf6 2.c4 e6 3.Nc3 Bb4 4.Qc2 O-O 5.a3 Bxc3+ 6.Qxc3 Qe8 7.f3 d6 8.Bg5 Nbd7
9.e3 e5 10.O-O-O b6 11.Bd3 Bb7 12.Bf5 e4 13.Kb1 h6 14.Bh4 g6 15.Bh3 b5 16.d5 g5
17.Bg3 bxc4 18.Bxd7 Nxd7 19.h4 f6 20.hxg5 hxg5 21.Ne2 exf3 22.gxf3 Qg6+ 23.e4 Nb6
24.Bf2 Rae8 25.Nf4 gxf4 26.Rdg1 Qxg1+ 27.Rxg1+ Kf7 28.Rg4 Ke7 29.Rxf4 f5
30.Qg7+ Kd8 31.Rh4  1-0

[Event "Novi Sad ol (Men)"]
[Site "Novi Sad"]
[Date "1990.??.??"]
[Round "11"]
[White "Georgiev, Krum"]
[Black "Bareev, Evgeny"]
[Result "1/2-1/2"]
[WhiteElo "2470"]
[BlackElo "2590"]

1.e4 e6 2.d4 d5 3.Nd2 c5 4.exd5 exd5 5.Ngf3 Nf6 6.Bb5+ Bd7 7.Bxd7+ Nbxd7
8.O-O Be7 9.dxc5 Nxc5 10.Nd4 Qd7 11.N2f3 O-O 12.Ne5 Qc8 13.Qf3 Re8 14.Bf4 Nce4
15.Nd3 a5 16.Rfe1 Ra6 17.c3 g6 18.Qd1 Nh5 19.Be5 Bf8 20.Nf3 Rae6 21.Qc2 b5
22.Rad1 Nhf6 23.Bf4 Nc5 24.Rxe6 Nxe6 25.Be5 Ng4 26.Qb3  1/2-1/2